000 00697cam a22002413a 4500
001 27625
003 PGUSA
005 20140828083610.0
008 081225s2008||||xxu|||||s|||||000 | eng d
040 _aPGUSA
_beng
042 _adc
050 4 _aPQ
100 1 _aRacine, Jean,
_d1639-1699
245 1 0 _aMithridate
_h[electronic resource] /
_cJean Racine
260 _bProject Gutenberg,
_c2008
506 _aPublic domain in the USA.
516 _aElectronic text
653 _aMithridates VI Eupator, King of Pontus, approximately 132 B.C.-63 B.C. -- Drama
653 _aTragedies
830 0 _aProject Gutenberg
_v27625
856 4 0 _uhttp://www.gutenberg.org/ebooks/27625
942 _cEB
999 _c256880
_d256880